| 000 | 00971nam a22003137a 4500 | ||
|---|---|---|---|
| 003 | CHAP | ||
| 005 | 20220329133637.0 | ||
| 008 | 971013s1985 r 00010 d | ||
| 010 | _a8939 | ||
| 011 | _a9911 | ||
| 035 | _a9147 | ||
| 040 | _cCHAP | ||
| 082 |
_a636.089 _bH39 |
||
| 100 | 0 | 0 |
_aHaynes, N. Bruce. _953206 |
| 245 | _aKeeping livestock healthy | ||
| 260 |
_aPownal, Vermont : _bStoley Communications, _c1985 |
||
| 300 |
_a322 p. _b: ilus |
||
| 590 |
_aBATCH-UPD _b10 _c20130110 _lUCH01 _h0043 |
||
| 590 |
_aBATCH-UPD _b10 _c20130110 _lUCH01 _h1129 |
||
| 590 |
_aBATCH-UPD _b10 _c20130410 _lUCH01 _h0718 |
||
| 590 |
_aBATCH-UPD _b10 _c20130914 _lUCH01 _h1504 |
||
| 590 |
_aCONVERSION _b10 _c20130109 _lUCH01 _h1306 |
||
| 650 | 1 | 4 |
_aGanado _xEnfermedades. _944909 |
| 650 | 1 | 4 |
_aPatologĂa veterinaria. _986194 |
| 650 | 1 | 4 |
_aVeterinaria. _9118987 |
| 901 | _aBK | ||
| 942 | _cLIBRO | ||
| 949 |
_a636.089 H39 _bBC _cLIBRO _d33724000272423 _eLIBRO _gI.c/e _h77976 _i9147 _si _t84.00 |
||
| 999 |
_c8939 _d8939 |
||